| 000 | 00404nam a22001337a 4500 | ||
|---|---|---|---|
| 020 | _a0-89838-27-8 | ||
| 082 | _a629.892 STO'K | ||
| 100 |
_aSTONE, H.W _965508 |
||
| 245 | _aKINEMATIC MODELING IDENTIFICATION AND CONTROL OF ROBOTIC ANIPULATION | ||
| 260 |
_aBOSTON _bKLUWER _c1987 |
||
| 300 | _a224P | ||
| 650 |
_aKINEMATIC MODELING IDENTIFICATION AND CONTROL OF ROBOTIC ANIPULATION _965509 |
||
| 942 | _cBK | ||
| 999 |
_c573693 _d573693 |
||